Statistiken für Deutsche Songs mit Liebe im Titel

Klicken Sie hier um das Quiz zu spielen!

Allgemein

  • Dieses Quiz wurde 471 mal gespielt
  • Das Durchschnittsergebnis liegt bei 11 aus 18

Antwortstatistiken

InterpretTitel% Korrekt
Ton Steine ScherbenHalt dich an deiner Liebe {fest}
94%
Roland KaiserLieb mich ein letztes {Mal}
94%
Sabrina SetlurDu liebst mich {nicht}
93%
Vicky LeandrosIch liebe das {Leben}
92%
BausaWas du Liebe {nennst}
91%
Clowns und HeldenIch liebe {dich}
87%
Die Ärzte{Schrei} nach Liebe
77%
EchtDu {trägst} keine Liebe in dir
71%
Sportfreunde StillerEine Liebe, die nie {endet}
71%
Marius Müller-Westernhagen{Weil} ich dich liebe
57%
Siw MalmkvistLiebes{kummer} lohnt sich nicht
55%
Die Toten Hosen{Alles} aus Liebe
54%
Insterburg & CoIch liebte ein {Mädchen}
43%
Connie FrancisDie Liebe ist ein seltsames {Spiel}
36%
BeginnerLiebes{lied}
36%
Purple SchulzVerliebte {Jungs}
26%
Stereo TotalLiebe zu {dritt}
20%
Kraftwerk{Computer} Liebe
12%

Verteilung der Resultate

Perzentil nach korrekt beantworteten Fragen

Anzahl Personen mit jedem Resultat

Ihre Resultats-Entwicklung

Sie haben dieses Quiz noch nicht gespielt